000 00476nam a2200169Ia 4500
999 _c5722
_d5722
020 _a978-0-7619-3520-9
082 _a305.420954 URB-
245 0 _aUrban women in contemporary India: a reader
260 _aLos Angeles
_bSage Publications
_c2007
300 _a372
504 _aincluds bibliography and index
650 _aUrban women
_vSocial conditions
_zIndia
650 _aWomen's rights
_zIndia
650 _aFeminism
_zIndia
700 _aGhadially, Rehana
942 _cBK